| 000 | 00548nam a2200181 a 4500 | ||
|---|---|---|---|
| 001 | 000034912 | ||
| 005 | 20200930074001.0 | ||
| 008 | 111021s1972 sp 000 0 spa d | ||
| 040 |
_aDO-SdBNP _bspa _cBNPHU |
||
| 082 |
_axxxx _bxxxx |
||
| 100 | 1 |
_aCastro, Josue de _960477 |
|
| 245 | 1 | 0 |
_aGeopolítica del hambre / _cJosue de Castro. |
| 260 |
_aMadrid, : _bGuadarrama, _c1972. |
||
| 300 |
_a339 p. ; _c19 cm. |
||
| 490 | 1 | _aPunto omega | |
| 504 | _aIncluye referencias bibliográficas y notas al pie de las páginas | ||
| 830 | 0 |
_aPunto omega _960478 |
|
| 999 |
_c34403 _d34403 |
||